000 00210nam a2200085Ia 4500
008 120527s9999 xx 000 0 und d
100 _aGoldman, I. Marshall
245 _aComparative Economics systems
942 _cBK
999 _c27242
_d27242